| 000 | 00325nam a22001337a 4500 | ||
|---|---|---|---|
| 020 | _a9789693500615 | ||
| 040 | _cNUST | ||
| 082 | _a891.4393 BAN | ||
| 100 |
_aBano Qudsia _9111002 |
||
| 245 | _aAatish Zayr Pa | ||
| 260 |
_aLahore: _bSang-e-Meel, _c2013. |
||
| 650 |
_aUrdu Literature-Short Stories _94607 |
||
| 942 |
_2ddc _cBK |
||
| 999 |
_c594015 _d594015 |
||